Literal Song Titles - Statistics

General Stats
  • This quiz has been taken 31 times
  • The average score is 7 of 16
Answer Stats
Picture Answer % Correct
Eye of the Tiger
96%
Piano Man
88%
Zombie
75%
Purple Rain
63%
Roundabout
63%
Yellow Submarine
63%
America
46%
House of the Rising Sun
46%
Tiptoe Through the Tulips
42%
Around the World
33%
Surfin' Bird
29%
Rocketman
21%
Stronger
17%
See See Rider
13%
Carbona Not Glue
8%
Doing Time
8%
No matching quizzes found
Score Distribution
Percent of People with Each Score
Percentile by Number Answered
Your Score History
You have not taken this quiz